000 00819nam a2200265Ia 4500
003 OSt
005 20221005072809.0
006 a|||||r|||| 00| 0
007 ta
008 221004b |||||||| |||| 00| 0 eng d
020 _a9788170005933 (hbk)
_c840
024 _a107691
037 _b1122, 08/03/2011, Pioneer Books Distributors
_cTextual
040 _aCRL
_cCRL
_beng
041 _2eng
_aeng
082 _aD65,8(B):3, Q0
100 _aJacso Peter
_9607514
245 0 _aBuild your own database
260 _aNew Delhi
_bEss Ess Publication India
_c2010
300 _axi,164p.
_ccm.
650 _aENGINEERING
700 _a Lancaster F.W.
_923470
942 _hD65,8(B):3, Q0
_cTEXL
_2cc
999 _c980092
_d980092